Heat exchanger design handbook / (Record no. 19348)
[ view plain ]
| 000 -LEADER | |
|---|---|
| fixed length control field | 01631cam a2200277 a 4500 |
| 001 - CONTROL NUMBER | |
| control field | 17607706 |
| 005 - DATE AND TIME OF LATEST TRANSACTION | |
| control field | 20150513144509.0 |
| 008 - FIXED-LENGTH DATA ELEMENTS--GENERAL INFORMATION | |
| fixed length control field | 130130t2013 flude frb 001 0 eng d |
| 020 ## - INTERNATIONAL STANDARD BOOK NUMBER | |
| International Standard Book Number | 9781439842126 |
| 040 ## - CATALOGING SOURCE | |
| Original cataloging agency | DLC |
| Language of cataloging | eng |
| Transcribing agency | DLC |
| Modifying agency | DLC |
| -- | EG-ScBUE |
| 082 04 - DEWEY DECIMAL CLASSIFICATION NUMBER | |
| Classification number | 621.4025 |
| Item number | THU |
| Edition number | 22 |
| 100 1# - MAIN ENTRY--PERSONAL NAME | |
| Personal name | Kuppan, T., |
| Dates associated with a name | 1957- |
| 9 (RLIN) | 37995 |
| 245 10 - TITLE STATEMENT | |
| Title | Heat exchanger design handbook / |
| Statement of responsibility, etc | Kuppan Thulukkanam. |
| 250 ## - EDITION STATEMENT | |
| Edition statement | 2nd ed. |
| 260 ## - PUBLICATION, DISTRIBUTION, ETC. (IMPRINT) | |
| Place of publication, distribution, etc | Boca Raton : |
| Name of publisher, distributor, etc | CRC Press / Taylor & Francis Group, |
| Date of publication, distribution, etc | c.2013. |
| 300 ## - PHYSICAL DESCRIPTION | |
| Extent | lv, 1216 p. : |
| Other physical details | chart, plans ; |
| Dimensions | 25 cm. |
| 490 0# - Series Statement | |
| Series statement | Mechanical engineering |
| 500 ## - GENERAL NOTE | |
| General note | Index : p. 1187-1216. |
| 504 ## - BIBLIOGRAPHY, ETC. NOTE | |
| Bibliography, etc | Includes bibliographical references. |
| 520 ## - SUMMARY, ETC. | |
| Summary, etc | "This comprehensive reference covers all the important aspects of heat exchangers (HEs): design and modes of operation and practical, large-scale applications in process, power, petroleum, transport, air conditioning, refrigeration, cryogenics, heat recovery, energy, and other industries. It includes over 400 drawings, diagrams, tables, and equations, making it a great resource for mechanical, chemical, and petrochemical engineers; process equipment and pressure vessel designers; and upper-level undergraduate and graduate students. This second edition includes updated material throughout; coverage of the latest advances in HE design techniques; expanded and updated coverage of materials selection; and a look at the newest fabrication techniques". |
| 650 #7 - SUBJECT ADDED ENTRY--TOPICAL TERM | |
| Topical term or geographic name as entry element | Heat exchangers |
| General subdivision | Design and construction. |
| Source of heading or term | BUEsh |
| 9 (RLIN) | 37996 |
| 651 ## - SUBJECT ADDED ENTRY--GEOGRAPHIC NAME | |
| Source of heading or term | BUEsh |
| 653 ## - INDEX TERM--UNCONTROLLED | |
| Resource For college | Engineering, Mechanical |
| Arrived date list | May2015 |
| 655 ## - INDEX TERM--GENRE/FORM | |
| Form subdivision | |
| -- | 34232 |
| 942 ## - ADDED ENTRY ELEMENTS (KOHA) | |
| Source of classification or shelving scheme | Dewey Decimal Classification |
| Call number prefix | 621.4025 THU |
| Withdrawn status | Item status | Source of classification or shelving scheme | Damaged status | Not for loan | Vendor | Home library | Current library | Shelving location | Date acquired | Source of acquisition | Cost, normal purchase price | Total Checkouts | Full call number | Barcode | Date last seen | Cost, replacement price | Koha item type | Total Renewals | Date last borrowed |
|---|---|---|---|---|---|---|---|---|---|---|---|---|---|---|---|---|---|---|---|
| Dewey Decimal Classification | Baccah | Central Library | Central Library | First floor | 13/05/2015 | 950.00 | 621.4025 THU | 000038199 | 15/07/2025 | 1188.00 | NB - Book (Non borrowing) | ||||||||
| Dewey Decimal Classification | Baccah | Central Library | Central Library | First floor | 13/05/2015 | 950.00 | 3 | 621.4025 THU | 000038223 | 15/07/2025 | 1188.00 | Book - Borrowing | 12 | 19/02/2020 | |||||
| Dewey Decimal Classification | Baccah | Central Library | Central Library | First floor | 13/05/2015 | 950.00 | 8 | 621.4025 THU | 000038213 | 15/07/2025 | 1188.00 | Book - Borrowing | 74 | 07/02/2023 |